Psicología del pensamiento: teoría y prácticas
Gardado en:
| Main Authors: | , |
|---|---|
| Formato: | Libro |
| Idioma: | Lingua castelá |
| Publicado: |
Madrid
Alianza
2008
|
| Edición: | 2a. ed |
| Subjects: | |
| Tags: |
Engadir etiqueta
Sen Etiquetas, Sexa o primeiro en etiquetar este rexistro!
|
MARC
| LEADER | 00000nam a2200000 a 4500 | ||
|---|---|---|---|
| 001 | UCH1905 | ||
| 003 | CL-VaPUC | ||
| 008 | 090520e20080000SP |||||||||||||||||spa|d | ||
| 020 | |a 9788420683911 | ||
| 082 | 0 | 4 | |a 153.42 |b CAR |2 21 |
| 100 | 0 | |a Carretero Rodríguez, Mario |e author |9 536514 | |
| 700 | 0 | |a Asensio, Mikel |e author |9 536515 | |
| 245 | 1 | 0 | |a Psicología del pensamiento: teoría y prácticas |
| 250 | |a 2a. ed | ||
| 300 | |a 419 p | ||
| 942 | |c BK | ||
| 945 | |d 20090520 00:00:00 |a rbrito | ||
| 260 | |a Madrid |b Alianza |c 2008 | ||
| 650 | 0 | |a Pensamiento |9 307612 | |
| 650 | 0 | |a Razonamiento |9 256520 | |
| 650 | 0 | |a Inteligencia |9 267038 | |
| 650 | 0 | |a Psicología cognitiva |9 306250 | |
| 583 | |a last modification |c 20120627 01:12:58 |k Rodrigo Vera | ||
| 999 | |c 333799 |d 333797 | ||
| 952 | |0 0 |1 0 |4 0 |6 153_420000000000000_CAR_2008 |7 0 |8 A |9 422422 |a BIBHIS |b BIBHIS |d 2019-11-22 |i 4551230 |o 153.42 CAR 2008 |p 4551230 |r 2025-01-20 |w 2019-11-22 |y BK |k HIS | ||